000 00879cam a2200277 a 4500
001 29351
003 BD-RjUL
005 20211209051413.0
008 140403s1954 nyu 001 0 eng d
035 _a(BD-RjUL)29436
035 _a(NNC)3926753
040 _aDLC
_cODaWU
_d*OCL*
_dNNU
_dCStRLIN
_dMiU
_dNNC-M
_dBD-RjUL
_beng
041 _aeng
082 0 4 _a131.34124
_bFRE 1954
100 1 _aFreud, Anna,
_d1895-1982.
_989525
245 1 4 _aThe ego and the mechanisms of defence /
_cAnna Freud, translated from the German by Cecil Baines.
260 _aLondon :
_bThe Hogarth Press,
_c1954.
300 _ax, 196 p. ;
_c22 cm.
490 0 _aThe International Psycho-Analytical Library
_vNo 30
504 _aIncludes index.
650 2 _aPsychoanalysis.
_989526
700 1 _aBaines, Cecil.
_989527
942 _2ddc
_cBK
999 _c29351
_d29351